000
00302nam a22001337a 4500
008
170607b xxu||||| |||| 00| 0 eng d
020
_a
9781588260994
041
_a
eng
080
_2
2ND
_a
94(100)
100
_a
18
101
_a
SHH
245
_a
UNDERSTANDING DEVELOPMENT
_c
RAPLEY,J
942
_2
udc
_c
BK
999
_c
16338
_d
16338